[Event "DSJ Weihnachtsturnier U16: Steinitz 2020"]
[Site ""]
[Date "2020.12.28"]
[Round "1"]
[White "Bergmann, Lennart"]
[Black "Mochtak, Maximilian"]
[Result "1-0"]
[Termination "normal"]
[Board "10.3"]
[WhiteElo "1505"]
[BlackElo "1007"]
[WhiteTeam "VSG 1880 Offenbach"]
[BlackTeam "TuS Makkabi Rostock 3"]
[PlyCount "45"]
[WhiteFideId "16270657"]
[BlackFideId "34618562"]
[EventRounds "7"]
[EventType "team-swiss"]
[EventDate "2020.12.28"]

1. e4 {[%emt 0:00:06]} c5 {[%emt 0:00:03]} 2. Nf3 {[%emt 0:00:02]} e6 {[%emt
0:00:04]} 3. d4 {[%emt 0:00:02]} cxd4 {[%emt 0:00:02]} 4. Nxd4 {[%emt 0:00:00]}
Nf6 {[%emt 0:00:05]} 5. f3 {[%emt 0:00:07]} Nc6 {[%emt 0:00:15]} 6. c4 { [%emt
0:00:08]} Bb4+ {[%emt 0:00:07]} 7. Nc3 {[%emt 0:00:30]} Bxc3+ {[%emt 0:00:12]}
8. bxc3 {[%emt 0:00:04]} O-O {[%emt 0:00:04]} 9. Be2 {[%emt 0:00:31]} e5 {[%emt
0:00:07]} 10. Nb5 {[%emt 0:00:33]} a6 {[%emt 0:00:18]} 11. Nd6 { [%emt
0:00:11]} Ne8 {[%emt 0:00:53]} 12. Ba3 {[%emt 0:01:37]} a5 {[%emt 0:00:24]} 13.
Nxc8 {[%emt 0:00:21]} Qxc8 {[%emt 0:00:26]} 14. Bxf8 {[%emt 0:00:07]} Kxf8
{[%emt 0:00:02]} 15. c5 {[%emt 0:00:25]} Ne7 {[%emt 0:00:12]} 16. O-O { [%emt
0:01:00]} Qxc5+ {[%emt 0:00:09]} 17. Kh1 {[%emt 0:00:17]} Qxc3 {[%emt 0:00:04]}
18. Qxd7 {[%emt 0:00:26]} Nc7 {[%emt 0:00:16]} 19. Rac1 {[%emt 0:00:31] } Qb2
{[%emt 0:00:59]} 20. Rxc7 {[%emt 0:00:34]} Qxe2 {[%emt 0:00:07]} 21. Qxe7+
{[%emt 0:00:03]} Kg8 {[%emt 0:00:07]} 22. Qxf7+ {[%emt 0:00:03]} Kh8 { [%emt
0:00:11]} 23. Qxg7# {[%emt 0:00:04]} 1-0

[Event "DSJ Weihnachtsturnier U16: Steinitz 2020"]
[Site ""]
[Date "2020.12.28"]
[Round "1"]
[White "Garde, Edgar Emil"]
[Black "Dixon Quiroz, Laura Michaela"]
[Result "0-1"]
[Termination "normal"]
[Board "10.4"]
[WhiteElo "1019"]
[BlackElo "1304"]
[WhiteTeam "TuS Makkabi Rostock 3"]
[BlackTeam "VSG 1880 Offenbach"]
[PlyCount "140"]
[WhiteFideId "34686355"]
[BlackFideId "16248708"]
[EventRounds "7"]
[EventType "team-swiss"]
[EventDate "2020.12.28"]

1. e4 {[%emt 0:00:03]} d5 {[%emt 0:00:13]} 2. e5 {[%emt 0:00:04]} c5 {[%emt
0:01:22]} 3. d4 {[%emt 0:00:10]} cxd4 {[%emt 0:00:49]} 4. Qxd4 {[%emt 0:00:04]}
Nc6 {[%emt 0:00:15]} 5. Qd1 {[%emt 0:00:15]} Nxe5 {[%emt 0:00:19]} 6. Nc3 {
[%emt 0:00:09]} Nf6 {[%emt 0:00:15]} 7. h3 {[%emt 0:00:07]} d4 {[%emt 0:00:36]}
8. Nb5 {[%emt 0:00:57]} Qa5+ {[%emt 0:00:22]} 9. Bd2 {[%emt 0:00:27]} Qd8 {
[%emt 0:00:23]} 10. Bf4 {[%emt 0:00:35]} Nfd7 {[%emt 0:01:32]} 11. Qxd4 { [%emt
0:00:22]} Nc6 {[%emt 0:00:26]} 12. Qc4 {[%emt 0:00:57]} e5 {[%emt 0:00:14]} 13.
Bg3 {[%emt 0:01:52]} Qa5+ {[%emt 0:00:40]} 14. c3 {[%emt 0:00:19]} a6 {[%emt
0:01:03]} 15. b4 {[%emt 0:00:40]} axb5 {[%emt 0:00:22]} 16. Qxb5 { [%emt
0:00:17]} Qa3 {[%emt 0:00:20]} 17. Qd3 {[%emt 0:00:23]} Bxb4 {[%emt 0:00:21]}
18. cxb4 {[%emt 0:00:17]} Qxd3 {[%emt 0:00:11]} 19. Bxd3 {[%emt 0:00:00]} Nxb4
{[%emt 0:00:03]} 20. Rb1 {[%emt 0:00:22]} Nxd3+ {[%emt 0:00:05]} 21. Ke2 {
[%emt 0:00:23]} e4 {[%emt 0:00:05]} 22. f3 {[%emt 0:00:16]} Rxa2+ {[%emt
0:00:05]} 23. Ke3 {[%emt 0:00:10]} f5 {[%emt 0:00:03]} 24. Ne2 {[%emt 0:00:16]}
g5 { [%emt 0:00:08]} 25. Ra1 {[%emt 0:00:10]} Rxa1 {[%emt 0:00:04]} 26. Rxa1 {
[%emt 0:00:00]} f4+ {[%emt 0:00:03]} 27. Bxf4 {[%emt 0:00:11]} gxf4+ {[%emt
0:00:02]} 28. Nxf4 {[%emt 0:00:01]} Nxf4 {[%emt 0:00:04]} 29. Kxf4 {[%emt
0:00:00]} Rf8+ {[%emt 0:00:04]} 30. Kg3 {[%emt 0:00:09]} exf3 {[%emt 0:00:06]}
31. gxf3 {[%emt 0:00:00]} Ne5 {[%emt 0:00:02]} 32. Re1 {[%emt 0:00:07]} Rf5 {
[%emt 0:00:06]} 33. Re4 {[%emt 0:00:07]} Kf7 {[%emt 0:00:03]} 34. Rf4 {[%emt
0:00:05]} Kg6 {[%emt 0:00:04]} 35. h4 {[%emt 0:00:14]} h5 {[%emt 0:00:05]} 36.
Rxf5 {[%emt 0:00:32]} Bxf5 {[%emt 0:00:02]} 37. f4 {[%emt 0:00:02]} Nd3 { [%emt
0:00:02]} 38. Kf3 {[%emt 0:00:02]} b5 {[%emt 0:00:01]} 39. Ke3 {[%emt 0:00:03]}
b4 {[%emt 0:00:03]} 40. Kd2 {[%emt 0:00:02]} b3 {[%emt 0:00:06]} 41. Kc3 {[%emt
0:00:05]} Nc5 {[%emt 0:00:01]} 42. Kb2 {[%emt 0:00:03]} Na4+ { [%emt 0:00:02]}
43. Kxb3 {[%emt 0:00:02]} Nc5+ {[%emt 0:00:03]} 44. Kc4 { [%emt 0:00:02]} Ne4
{[%emt 0:00:02]} 45. Kd4 {[%emt 0:00:02]} Nf2 {[%emt 0:00:02]} 46. Ke3 {[%emt
0:00:01]} Ng4+ {[%emt 0:00:04]} 47. Kf3 {[%emt 0:00:01]} Nh2+ {[%emt 0:00:03]}
48. Kg3 {[%emt 0:00:01]} Nf1+ {[%emt 0:00:01]} 49. Kf3 { [%emt 0:00:02]} Nd2+
{[%emt 0:00:02]} 50. Kg3 {[%emt 0:00:02]} Ne4+ {[%emt 0:00:02]} 51. Kf3 {[%emt
0:00:01]} Kf6 {[%emt 0:00:02]} 52. Ke3 {[%emt 0:00:02]} Ke6 {[%emt 0:00:01]}
53. Kf3 {[%emt 0:00:01]} Kd5 {[%emt 0:00:01]} 54. Ke3 { [%emt 0:00:01]} Kc4
{[%emt 0:00:02]} 55. Kf3 {[%emt 0:00:02]} Kd3 {[%emt 0:00:01]} 56. Kg2 {[%emt
0:00:02]} Ke2 {[%emt 0:00:02]} 57. Kh2 {[%emt 0:00:03]} Kf2 {[%emt 0:00:01]}
58. Kh1 {[%emt 0:00:01]} Kg3 {[%emt 0:00:01]} 59. Kg1 { [%emt 0:00:01]} Kxh4
{[%emt 0:00:01]} 60. Kg2 {[%emt 0:00:01]} Kg4 {[%emt 0:00:01]} 61. Kh2 {[%emt
0:00:02]} h4 {[%emt 0:00:03]} 62. Kg2 {[%emt 0:00:01]} h3+ {[%emt 0:00:02]} 63.
Kh2 {[%emt 0:00:03]} Kxf4 {[%emt 0:00:02]} 64. Kg1 { [%emt 0:00:03]} Kg3 {[%emt
0:00:01]} 65. Kh1 {[%emt 0:00:02]} Nf2+ {[%emt 0:00:03]} 66. Kg1 {[%emt
0:00:02]} h2+ {[%emt 0:00:03]} 67. Kf1 {[%emt 0:00:02]} h1=Q+ {[%emt 0:00:05]}
68. Ke2 {[%emt 0:00:03]} Qf3+ {[%emt 0:00:02]} 69. Kf1 { [%emt 0:00:01]} Nd3+
{[%emt 0:00:03]} 70. Kg1 {[%emt 0:00:01]} Qg2# {[%emt 0:00:02]} 0-1

[Event "DSJ Weihnachtsturnier U16: Steinitz 2020"]
[Site ""]
[Date "2020.12.28"]
[Round "1"]
[White "Rehpenn, Tom"]
[Black "Hommel, Niclas"]
[Result "0-1"]
[Termination "normal"]
[Board "11.1"]
[WhiteElo "1419"]
[BlackElo "2062"]
[WhiteTeam "TuS Varrel"]
[BlackTeam "TSG Oberschöneweide"]
[PlyCount "56"]
[WhiteFideId "16254708"]
[BlackFideId "12974927"]
[EventRounds "7"]
[EventType "team-swiss"]
[EventDate "2020.12.28"]

1. e4 {[%emt 0:00:06]} c5 {[%emt 0:00:02]} 2. Nf3 {[%emt 0:00:08]} d6 {[%emt
0:00:03]} 3. Bc4 {[%emt 0:00:09]} Nf6 {[%emt 0:00:06]} 4. Nc3 {[%emt 0:00:08]}
Nc6 {[%emt 0:00:04]} 5. d3 {[%emt 0:00:16]} e6 {[%emt 0:00:04]} 6. Bg5 { [%emt
0:00:11]} Be7 {[%emt 0:00:03]} 7. O-O {[%emt 0:00:57]} O-O {[%emt 0:00:03]} 8.
Re1 {[%emt 0:00:34]} a6 {[%emt 0:00:10]} 9. e5 {[%emt 0:00:24]} dxe5 { [%emt
0:00:04]} 10. Nxe5 {[%emt 0:00:08]} Nxe5 {[%emt 0:00:02]} 11. Rxe5 { [%emt
0:00:32]} Qc7 {[%emt 0:01:05]} 12. Bxf6 {[%emt 0:01:07]} Bxf6 {[%emt 0:00:04]}
13. Rh5 {[%emt 0:00:45]} b5 {[%emt 0:00:39]} 14. Bb3 {[%emt 0:00:39]} Bb7
{[%emt 0:00:27]} 15. Qg4 {[%emt 0:00:51]} g6 {[%emt 0:01:09]} 16. Rh6 { [%emt
0:00:39]} Bg7 {[%emt 0:00:04]} 17. Rh3 {[%emt 0:00:16]} Rad8 {[%emt 0:00:34]}
18. Qh4 {[%emt 0:00:27]} h5 {[%emt 0:00:54]} 19. Re1 {[%emt 0:00:11]} Rd4
{[%emt 0:00:32]} 20. Qg5 {[%emt 0:00:35]} Rg4 {[%emt 0:00:05]} 21. Qe3 { [%emt
0:00:33]} Rxg2+ {[%emt 0:00:05]} 22. Kf1 {[%emt 0:00:07]} Bd4 {[%emt 0:00:08]}
23. Qh6 {[%emt 0:00:50]} Rxf2+ {[%emt 0:00:03]} 24. Kg1 {[%emt 0:00:01] } Rxh2+
{[%emt 0:00:17]} 25. Kf1 {[%emt 0:00:02] .} Rxh3 {[%emt 0:00:10]} 26. Ke2
{[%emt 0:00:04]} Bxc3 {[%emt 0:00:23]} 27. Rg1 {[%emt 0:00:04]} Qh2+ { [%emt
0:00:20]} 28. Kf1 {[%emt 0:00:04]} Rf3# {[%emt 0:00:04]} 0-1

[Event "DSJ Weihnachtsturnier U16: Steinitz 2020"]
[Site ""]
[Date "2020.12.28"]
[Round "1"]
[White "Vetter, Samuel Kai"]
[Black "Weidenhöfer, Ben"]
[Result "1-0"]
[Termination "normal"]
[Board "11.4"]
[WhiteElo "1214"]
[BlackElo "954"]
[WhiteTeam "TSG Oberschöneweide"]
[BlackTeam "TuS Varrel"]
[PlyCount "141"]
[WhiteFideId "34658831"]
[BlackFideId "16273702"]
[EventRounds "7"]
[EventType "team-swiss"]
[EventDate "2020.12.28"]

1. c4 {[%emt 0:00:13]} e5 {[%emt 0:00:04]} 2. Nc3 {[%emt 0:00:02]} Bc5 { [%emt
0:00:10]} 3. g3 {[%emt 0:00:08]} Nf6 {[%emt 0:00:06]} 4. Bg2 {[%emt 0:00:02]}
O-O {[%emt 0:00:05]} 5. e3 {[%emt 0:00:01]} d6 {[%emt 0:00:04]} 6. Nge2 { [%emt
0:00:02]} Nc6 {[%emt 0:00:10]} 7. O-O {[%emt 0:00:03]} Bg4 {[%emt 0:00:06]} 8.
h3 {[%emt 0:00:04]} Bh5 {[%emt 0:00:16]} 9. d4 {[%emt 0:00:14]} exd4 { [%emt
0:00:16]} 10. exd4 {[%emt 0:00:01]} Bb4 {[%emt 0:00:13]} 11. d5 {[%emt
0:00:35]} Na5 {[%emt 0:00:22]} 12. b3 {[%emt 0:00:15]} Bxe2 {[%emt 0:00:18]}
13. Nxe2 {[%emt 0:00:05]} Re8 {[%emt 0:00:18]} 14. a3 {[%emt 0:00:17]} Bc5 {
[%emt 0:00:12]} 15. b4 {[%emt 0:00:05]} Nb3 {[%emt 0:00:08]} 16. Qxb3 {[%emt
0:00:09]} Rxe2 {[%emt 0:00:24]} 17. bxc5 {[%emt 0:00:04]} dxc5 {[%emt 0:00:15]}
18. Bg5 {[%emt 0:00:27]} h6 {[%emt 0:00:07]} 19. Bxf6 {[%emt 0:00:06]} Qxf6 {
[%emt 0:00:04]} 20. Qf3 {[%emt 0:00:03]} Qb2 {[%emt 0:00:20]} 21. Rab1 { [%emt
0:00:12]} Qc2 {[%emt 0:00:15]} 22. Rfc1 {[%emt 0:00:23]} Qd2 {[%emt 0:00:08]}
23. Bf1 {[%emt 0:00:10]} Ree8 {[%emt 0:00:30]} 24. Qd3 {[%emt 0:00:20]} Qa5
{[%emt 0:00:24]} 25. Rxb7 {[%emt 0:00:17]} Re7 {[%emt 0:00:12]} 26. Qc3 { [%emt
0:00:28]} Qa6 {[%emt 0:00:25]} 27. Rb5 {[%emt 0:00:06]} Rae8 {[%emt 0:00:08]}
28. Qa5 {[%emt 0:00:24]} Qc8 {[%emt 0:00:11]} 29. Rxc5 {[%emt 0:00:13]} g5
{[%emt 0:00:34]} 30. Qxa7 {[%emt 0:00:27]} Re1 {[%emt 0:00:15]} 31. Rxe1 {
[%emt 0:00:06]} Rxe1 {[%emt 0:00:00]} 32. Kg2 {[%emt 0:00:22]} h5 {[%emt
0:00:24]} 33. Rxc7 {[%emt 0:00:17]} Qe8 {[%emt 0:00:29]} 34. Re7 {[%emt
0:00:22]} Rxe7 {[%emt 0:00:23]} 35. Qd4 {[%emt 0:00:08]} Re1 {[%emt 0:00:24]}
36. c5 { [%emt 0:00:21]} h4 {[%emt 0:00:24]} 37. gxh4 {[%emt 0:00:15]} gxh4
{[%emt 0:00:12]} 38. Qxh4 {[%emt 0:00:08]} Qa8 {[%emt 0:00:03]} 39. Qg3+ {[%emt
0:00:15]} Kf8 {[%emt 0:00:09]} 40. c6 {[%emt 0:00:18]} Qa5 {[%emt 0:00:07]} 41.
Qd6+ { [%emt 0:00:10]} Kg7 {[%emt 0:00:15]} 42. c7 {[%emt 0:00:13]} Rc1 {[%emt
0:00:15]} 43. Qe5+ {[%emt 0:00:19]} f6 {[%emt 0:00:10]} 44. Qe7+ {[%emt
0:00:09]} Kg6 {[%emt 0:00:04]} 45. Bd3+ {[%emt 0:00:04]} f5 {[%emt 0:00:10]}
46. Qe6+ { [%emt 0:00:03]} Kg7 {[%emt 0:00:04]} 47. c8=Q {[%emt 0:00:03]} Rxc8
{[%emt 0:00:07]} 48. Qxc8 {[%emt 0:00:00]} Qxd5+ {[%emt 0:00:03]} 49. f3 {[%emt
0:00:14] } Qxd3 {[%emt 0:00:02]} 50. Qc7+ {[%emt 0:00:06]} Kg6 {[%emt 0:00:02]}
51. Qg3+ {[%emt 0:00:09]} Kf6 {[%emt 0:00:02]} 52. Qh4+ {[%emt 0:00:07]} Ke5
{[%emt 0:00:04]} 53. Kg3 {[%emt 0:00:12]} f4+ {[%emt 0:00:02]} 54. Qxf4+ {[%emt
0:00:02] } Kd5 {[%emt 0:00:09]} 55. Qe4+ {[%emt 0:00:01]} Qxe4 {[%emt 0:00:10]}
56. fxe4+ {[%emt 0:00:00]} Kxe4 {[%emt 0:00:01]} 57. Kg4 {[%emt 0:00:01]} Ke5 {
[%emt 0:00:02]} 58. Kg5 {[%emt 0:00:01]} Ke6 {[%emt 0:00:01]} 59. Kg6 {[%emt
0:00:02]} Ke5 {[%emt 0:00:00]} 60. a4 {[%emt 0:00:01]} Kd5 {[%emt 0:00:02]} 61.
h4 {[%emt 0:00:02]} Kc6 {[%emt 0:00:02]} 62. h5 {[%emt 0:00:01]} Kb6 {[%emt
0:00:01]} 63. h6 {[%emt 0:00:01]} Ka5 {[%emt 0:00:00]} 64. h7 {[%emt 0:00:01]}
Kxa4 {[%emt 0:00:01]} 65. h8=Q {[%emt 0:00:01]} Ka5 {[%emt 0:00:00]} 66. Qb2 {
[%emt 0:00:02]} Ka6 {[%emt 0:00:00]} 67. Kf6 {[%emt 0:00:01]} Ka5 {[%emt
0:00:02]} 68. Ke5 {[%emt 0:00:01]} Ka6 {[%emt 0:00:01]} 69. Kd6 {[%emt
0:00:01]} Ka7 {[%emt 0:00:01]} 70. Kc7 {[%emt 0:00:02]} Ka6 {[%emt 0:00:01]}
71. Qb6# { [%emt 0:00:01]} 1-0

[Event "DSJ Weihnachtsturnier U16: Steinitz 2020"]
[Site ""]
[Date "2020.12.28"]
[Round "1"]
[White "Gold, Jan Christian"]
[Black "Fellberg, Justus"]
[Result "1-0"]
[Termination "normal"]
[Board "12.1"]
[WhiteElo "1638"]
[BlackElo "1200"]
[WhiteTeam "SK Bad Homburg 1927"]
[BlackTeam "SK Wilhelmsburg 1936"]
[PlyCount "93"]
[WhiteFideId "16298128"]
[BlackFideId "34608990"]
[EventRounds "7"]
[EventType "team-swiss"]
[EventDate "2020.12.28"]

1. d4 {[%emt 0:00:08]} d5 {[%emt 0:00:02]} 2. c4 {[%emt 0:00:06]} e6 {[%emt
0:00:01]} 3. Nc3 {[%emt 0:00:03]} Bb4 {[%emt 0:00:05]} 4. Nf3 {[%emt 0:00:07]}
c5 {[%emt 0:00:06]} 5. dxc5 {[%emt 0:00:06]} Bxc5 {[%emt 0:00:00]} 6. cxd5 {
[%emt 0:00:16]} exd5 {[%emt 0:00:00]} 7. Qxd5 {[%emt 0:00:21]} Qxd5 {[%emt
0:00:10]} 8. Nxd5 {[%emt 0:00:00]} Bd6 {[%emt 0:00:02]} 9. e4 {[%emt 0:00:22]}
Bg4 {[%emt 0:00:11]} 10. Be2 {[%emt 0:00:04]} Ne7 {[%emt 0:00:04]} 11. Nxe7 {
[%emt 0:00:18]} Bxe7 {[%emt 0:00:00]} 12. Bf4 {[%emt 0:00:04]} Nc6 {[%emt
0:00:04]} 13. h3 {[%emt 0:00:08]} Be6 {[%emt 0:00:04]} 14. Ng5 {[%emt 0:00:07]}
Bd7 {[%emt 0:00:12]} 15. Rd1 {[%emt 0:00:08]} Rd8 {[%emt 0:00:05]} 16. Bb5 {
[%emt 0:00:23]} O-O {[%emt 0:00:09]} 17. Bc7 {[%emt 0:00:26]} Bb4+ {[%emt
0:00:07]} 18. Kf1 {[%emt 0:00:14]} Ne5 {[%emt 0:00:31]} 19. Bxd8 {[%emt
0:00:54]} Rxd8 {[%emt 0:00:04]} 20. Bxd7 {[%emt 0:00:03]} Rxd7 {[%emt 0:00:06]}
21. Rxd7 {[%emt 0:00:04]} Nxd7 {[%emt 0:00:00]} 22. Ke2 {[%emt 0:00:01]} f6
{[%emt 0:00:05]} 23. Rd1 {[%emt 0:00:10]} Ne5 {[%emt 0:00:03]} 24. Rd8+ {[%emt
0:00:03]} Bf8 {[%emt 0:00:03]} 25. Ne6 {[%emt 0:00:01]} Ng6 {[%emt 0:00:02]}
26. Nxf8 { [%emt 0:00:18]} Nxf8 {[%emt 0:00:00]} 27. Rb8 {[%emt 0:00:02]} b6
{[%emt 0:00:04]} 28. Rb7 {[%emt 0:00:03]} Ne6 {[%emt 0:00:09]} 29. Rxa7 {[%emt
0:00:06]} Nd4+ {[%emt 0:00:01]} 30. Kd3 {[%emt 0:00:01]} Nb5 {[%emt 0:00:02]}
31. Rb7 { [%emt 0:00:07]} Nd6 {[%emt 0:00:06]} 32. Rxb6 {[%emt 0:00:04]} Ne8
{[%emt 0:00:15]} 33. Rb8 {[%emt 0:00:05]} Kf7 {[%emt 0:00:04]} 34. Rxe8 {[%emt
0:00:01]} Kxe8 {[%emt 0:00:01]} 35. b4 {[%emt 0:00:01]} Kd8 {[%emt 0:00:01]}
36. a4 { [%emt 0:00:00]} Kc7 {[%emt 0:00:01]} 37. b5 {[%emt 0:00:01]} Kb7
{[%emt 0:00:01]} 38. Kd4 {[%emt 0:00:00]} Kb6 {[%emt 0:00:01]} 39. Kd5 {[%emt
0:00:01]} Ka5 {[%emt 0:00:01]} 40. Ke6 {[%emt 0:00:01]} Kxa4 {[%emt 0:00:01]}
41. b6 { [%emt 0:00:01]} Kb4 {[%emt 0:00:05]} 42. b7 {[%emt 0:00:00]} Kc3
{[%emt 0:00:01]} 43. b8=Q {[%emt 0:00:02]} Kd3 {[%emt 0:00:00]} 44. Qg3+ {[%emt
0:00:02]} Kd4 {[%emt 0:00:02]} 45. Qxg7 {[%emt 0:00:07]} Kxe4 {[%emt 0:00:01]}
46. Qxh7+ {[%emt 0:00:05]} Kf4 {[%emt 0:00:02]} 47. Qf5# {[%emt 0:00:02]} 1-0

[Event "DSJ Weihnachtsturnier U16: Steinitz 2020"]
[Site ""]
[Date "2020.12.28"]
[Round "1"]
[White "Aue, Samuel"]
[Black "von Beckh, Frieda"]
[Result "0-1"]
[Termination "normal"]
[Board "12.4"]
[WhiteElo "942"]
[BlackElo "1590"]
[WhiteTeam "SK Wilhelmsburg 1936"]
[BlackTeam "SK Bad Homburg 1927"]
[PlyCount "48"]
[WhiteFideId "34650164"]
[BlackFideId "16233751"]
[EventRounds "7"]
[EventType "team-swiss"]
[EventDate "2020.12.28"]

1. e4 {[%emt 0:00:05]} c5 {[%emt 0:00:04]} 2. Nf3 {[%emt 0:00:03]} Nc6 { [%emt
0:00:03]} 3. Nc3 {[%emt 0:00:02]} g6 {[%emt 0:00:04]} 4. Bc4 {[%emt 0:00:03]}
Bg7 {[%emt 0:00:10]} 5. O-O {[%emt 0:00:03]} Nf6 {[%emt 0:00:07]} 6. d3 { [%emt
0:00:03]} O-O {[%emt 0:00:05]} 7. Bf4 {[%emt 0:00:04]} Na5 {[%emt 0:00:26]} 8.
Bb3 {[%emt 0:00:46]} Nxb3 {[%emt 0:00:13]} 9. axb3 {[%emt 0:00:02]} d5 {[%emt
0:00:03]} 10. exd5 {[%emt 0:00:10]} Nxd5 {[%emt 0:00:07]} 11. Nxd5 { [%emt
0:00:06]} Qxd5 {[%emt 0:00:03]} 12. h3 {[%emt 0:00:35]} Bxb2 {[%emt 0:00:19]}
13. Rb1 {[%emt 0:00:07]} Bg7 {[%emt 0:00:04]} 14. Re1 {[%emt 0:00:37]} e6
{[%emt 0:00:33]} 15. c4 {[%emt 0:00:16]} Qd8 {[%emt 0:00:48]} 16. Ne5 {[%emt
0:00:14]} b6 {[%emt 0:00:23]} 17. Ra1 {[%emt 0:00:18]} Bb7 {[%emt 0:00:32]} 18.
Qd2 {[%emt 0:00:06]} Qh4 {[%emt 0:00:46]} 19. Bg5 {[%emt 0:00:53]} Qh5 { [%emt
0:00:51]} 20. Kh2 {[%emt 0:00:21]} f6 {[%emt 0:00:27]} 21. g4 {[%emt 0:00:11]}
Qxg5 {[%emt 0:00:05]} 22. Qxg5 {[%emt 0:00:07]} fxg5 {[%emt 0:00:01]} 23. Nd7
{[%emt 0:00:14]} Rxf2+ {[%emt 0:00:04]} 24. Kg3 {[%emt 0:00:08]} Rg2# { [%emt
0:00:03]} 0-1

[Event "DSJ Weihnachtsturnier U16: Steinitz 2020"]
[Site ""]
[Date "2020.12.28"]
[Round "1"]
[White "Bayer, Michael"]
[Black "Wehrstedt, Raphael"]
[Result "0-1"]
[Termination "normal"]
[Board "13.1"]
[WhiteElo "1191"]
[BlackElo "1592"]
[WhiteTeam "TSV Solln"]
[BlackTeam "SK Johanneum Eppendorf"]
[PlyCount "64"]
[WhiteFideId "16245857"]
[BlackFideId "34613781"]
[EventRounds "7"]
[EventType "team-swiss"]
[EventDate "2020.12.28"]

1. e4 {[%emt 0:00:05]} e6 {[%emt 0:00:04]} 2. d4 {[%emt 0:00:02]} d5 {[%emt
0:00:00]} 3. e5 {[%emt 0:00:01]} c5 {[%emt 0:00:01]} 4. dxc5 {[%emt 0:00:01]}
Bxc5 {[%emt 0:00:17]} 5. Nf3 {[%emt 0:00:05]} Nc6 {[%emt 0:00:15]} 6. Nc3 {
[%emt 0:00:02]} Nge7 {[%emt 0:00:06]} 7. g3 {[%emt 0:00:04]} Ng6 {[%emt
0:00:10]} 8. Bg2 {[%emt 0:00:02]} Ngxe5 {[%emt 0:00:31]} 9. Nxe5 {[%emt
0:00:05]} Nxe5 {[%emt 0:00:00]} 10. O-O {[%emt 0:00:04]} O-O {[%emt 0:00:10]}
11. Bf4 { [%emt 0:00:07]} Ng6 {[%emt 0:00:08]} 12. Qd2 {[%emt 0:00:07]} Nxf4
{[%emt 0:00:14]} 13. Qxf4 {[%emt 0:00:04]} Qd6 {[%emt 0:01:10]} 14. Qd2 {[%emt
0:00:19]} Bd7 {[%emt 0:00:13]} 15. a3 {[%emt 0:00:04]} Bc6 {[%emt 0:00:16]} 16.
b4 { [%emt 0:00:02]} Bb6 {[%emt 0:00:08]} 17. Ne2 {[%emt 0:00:09]} Rfd8 {[%emt
0:00:20]} 18. Nd4 {[%emt 0:00:02]} Bxd4 {[%emt 0:00:08]} 19. Qxd4 {[%emt
0:00:02]} Rac8 {[%emt 0:00:11]} 20. Rad1 {[%emt 0:00:06]} Bb5 {[%emt 0:00:14]}
21. Rfe1 { [%emt 0:00:05]} b6 {[%emt 0:00:18]} 22. c3 {[%emt 0:00:20]} Rc4
{[%emt 0:00:27] } 23. Qe3 {[%emt 0:00:09]} Ba4 {[%emt 0:00:12]} 24. Rd4 {[%emt
0:00:04]} Rdc8 { [%emt 0:00:26]} 25. Rxc4 {[%emt 0:00:09]} Rxc4 {[%emt
0:00:00]} 26. Bf1 { [%emt 0:00:09]} Re4 {[%emt 0:00:06]} 27. Qc1 {[%emt
0:00:11]} Rxe1 {[%emt 0:00:29]} 28. Qxe1 {[%emt 0:00:02]} Bb3 {[%emt 0:00:28]}
29. Qb1 {[%emt 0:00:05]} Bc4 {[%emt 0:00:11]} 30. Bg2 {[%emt 0:00:04]} Qe5
{[%emt 0:00:04]} 31. Qc2 { [%emt 0:00:09]} Qe1+ {[%emt 0:00:10]} 32. Bf1 {[%emt
0:00:10]} Qxf1# {[%emt 0:00:00]} 0-1

[Event "DSJ Weihnachtsturnier U16: Steinitz 2020"]
[Site ""]
[Date "2020.12.28"]
[Round "1"]
[White "Rogalski, Niclas"]
[Black "Hix, Jonathan"]
[Result "1-0"]
[Termination "normal"]
[Board "14.3"]
[WhiteElo "1353"]
[BlackElo "795"]
[WhiteTeam "SK Blauer Springer Paderborn 1926"]
[BlackTeam "SGem Aschheim/Feldkirchen/Kirchheim 2"]
[PlyCount "51"]
[WhiteFideId "34640320"]
[BlackFideId "34634630"]
[EventRounds "7"]
[EventType "team-swiss"]
[EventDate "2020.12.28"]

1. e4 {[%emt 0:00:07]} e5 {[%emt 0:00:07]} 2. Nf3 {[%emt 0:00:03]} Nc6 { [%emt
0:00:04]} 3. d4 {[%emt 0:00:02]} d6 {[%emt 0:00:06]} 4. h3 {[%emt 0:00:12]} Nf6
{[%emt 0:00:09]} 5. d5 {[%emt 0:00:09]} Be7 {[%emt 0:00:04]} 6. dxc6 { [%emt
0:00:08]} bxc6 {[%emt 0:00:03]} 7. Nc3 {[%emt 0:00:07]} O-O {[%emt 0:00:01]} 8.
Bg5 {[%emt 0:00:08]} Nd7 {[%emt 0:00:11]} 9. Bxe7 {[%emt 0:00:02]} Qxe7 {[%emt
0:00:02]} 10. Bc4 {[%emt 0:00:02]} Nb6 {[%emt 0:00:26]} 11. Bb3 { [%emt
0:00:03]} Bb7 {[%emt 0:00:09]} 12. O-O {[%emt 0:00:04]} d5 {[%emt 0:00:10]} 13.
exd5 {[%emt 0:00:03]} cxd5 {[%emt 0:00:02]} 14. Bxd5 {[%emt 0:00:10]} Nxd5
{[%emt 0:00:11]} 15. Nxd5 {[%emt 0:00:03]} Bxd5 {[%emt 0:00:02]} 16. Qxd5
{[%emt 0:00:03]} c5 {[%emt 0:00:16]} 17. Qxe5 {[%emt 0:00:05]} Qb7 {[%emt
0:00:15]} 18. Qc3 {[%emt 0:00:04]} Qb6 {[%emt 0:00:07]} 19. Rfe1 {[%emt
0:00:04]} Qg6 {[%emt 0:00:04]} 20. Rad1 {[%emt 0:00:02]} Qh5 {[%emt 0:00:08]}
21. Rd2 { [%emt 0:00:06]} c4 {[%emt 0:00:01]} 22. Qxc4 {[%emt 0:00:03]} Qa5
{[%emt 0:00:02]} 23. Qc3 {[%emt 0:00:05]} Qxa2 {[%emt 0:00:02]} 24. Rd7 {[%emt
0:00:08]} Qe6 {[%emt 0:00:02]} 25. Rxe6 {[%emt 0:00:03]} fxe6 {[%emt 0:00:01]}
26. Qxg7# {[%emt 0:00:05]} 1-0